[Event "Zagorovsky Memorial op"]
[Site "Voronezh"]
[Date "1997.??.??"]
[Round "?"]
[White "Kuznecov, Viktor"]
[Black "Tunik, Gennady"]
[Result "0-1"]
[WhiteElo "2015"]
[BlackElo "2460"]
[PlyCount "130"]
[EventDate "1997.??.??"]
[EventType "swiss"]
[EventRounds "9"]
[EventCountry "RUS"]
[SourceTitle "EXT 2000"]
[Source "ChessBase"]
[SourceDate "1999.11.16"]
[SourceVersion "1"]
[SourceVersionDate "1999.11.16"]
[SourceQuality "1"]

1. e4 c5 2. d3 Nc6 3. g3 g6 4. Bg2 Bg7 5. Ne2 d6 6. Nbc3 e6 7. 0-0 Nge7 8. f4 0-0 9. h3 Rb8 10. a4 a6 11. Kh2 b5 12. axb5 axb5 13. Ng1 Nd4 14. Nce2 Nxe2 15. Nxe2 e5 16. fxe5 dxe5 17. Be3 Qd6 18. Qd2 Bd7 19. Bh6 Ra8 20. Bxg7 Kxg7 21. Qe3 Nc6 22. Rxa8 Rxa8 23. Qf2 Nd8 24. Nc3 Bc6 25. Nd1 Ra2 26. Qd2 Bd7 27. c3 Nc6 28. Qf2 f6 29. h4 b4 30. Bh3 Bxh3 31. Kxh3 h5 32. Kh2 Ne7 33. cxb4 cxb4 34. Ne3 Ra6 35. Qe2 Qd4 36. Nc4 Ng8 37. Qe3 Nh6 38. Qxd4 Ng4+ 39. Kg2 exd4 40. Re1 Ra2 41. Kf3 Ne5+ 42. Nxe5 fxe5 43. Rb1 Kf6 44. Ke2 g5 45. Kd2 gxh4 46. gxh4 b3 47. Ke2 Ke6 48. Kf3 Kd6 49. Ke2 Kc5 50. Kd1 Kb5 51. Ke2 Kb4 52. Kd2 Ra8 53. Rf1 Rc8 54. Rc1 Rg8 55. Rc7 Rg2+ 56. Kc1 Rg1+ 57. Kd2 Rh1 58. Rb7+ Kc5 59. Rxb3 Rxh4 60. Rb8 Rh2+ 61. Kc1 h4 62. Rd8 h3 63. Rd5+ Kc6 64. Rxe5 Rg2 65. Rh5 h2 0-1